[Event "Tyler's first tournament-join and enjoy the games!"]
[Site "SchemingMind.com"]
[Date "2005.05.01"]
[Round "-"]
[White "inexorable"]
[Black "xixobrax"]
[Result "1-0"]
[WhiteCountry "USA"]
[BlackCountry "USA"]
[WhiteElo "1821"]
[WhiteRD "160"]
[BlackElo "1313"]
[BlackRD "133"]
[GameID "14188"]

1. e4 Nf6 2. e5 Nd5 3. c4 Nb6 4. d4 d6 5. f4 g5 6. exd6 Qxd6 7. Nc3 Qe6+ 8. Be2 Nxc4 9. d5 Ne3 10. dxe6 Nxd1
11. exf7+ Kxf7 12. Bxd1 gxf4 13. Bxf4 Bg7 14. Bh5+ Kf8 15. Bxc7 Bxc3+ 16. bxc3 Nc6 17. Nh3 Bxh3 18. gxh3 Kg7 19. O-O-O Rac8 20. Bf4 e5
21. Rhg1+ Kf8 22. Be3 Rd8 23. Rxd8+ Nxd8 24. Bc5#
1-0

[Event "Tyler's first tournament-join and enjoy the games!"]
[Site "SchemingMind.com"]
[Date "2005.05.01"]
[Round "-"]
[White "Gordon"]
[Black "xixobrax"]
[Result "1-0"]
[WhiteCountry "ENG"]
[BlackCountry "USA"]
[WhiteElo "2067"]
[WhiteRD "61"]
[BlackElo "1321"]
[BlackRD "193"]
[GameID "14189"]

1. e4 Nf6 2. e5 Nd5 3. d4 d6 4. c4 Nb6 5. exd6 exd6 6. Nc3 Be7 7. Bd3 O-O 8. Nge2 Nc6 9. b3 f5 10. O-O Kh8
11. Be3 Nb4 12. Bb1 Re8 13. a3 Na6 14. Nf4 g6 15. Qf3 Nb8 16. Bd3 Bg5 17. Rae1 N8d7 18. Nxg6+ hxg6 19. Bxg5 Nf6 20. Rxe8+ Qxe8
21. Bxf6+ Kg8 22. Qh3 f4 23. Qh8+ Kf7 24. Qg7+
1-0

[Event "Tyler's first tournament-join and enjoy the games!"]
[Site "SchemingMind.com"]
[Date "2005.05.02"]
[Round "-"]
[White "David53"]
[Black "xixobrax"]
[Result "1-0"]
[WhiteCountry "GER"]
[BlackCountry "USA"]
[WhiteElo "1509"]
[WhiteRD "99"]
[BlackElo "1313"]
[BlackRD "133"]
[GameID "14190"]

1. e4 Nf6 2. Nc3 d5 3. exd5 Nxd5 4. Nf3 Nxc3 5. bxc3 c5 6. Bc4 Nc6 7. d3 g6 8. O-O Bg7 9. Ng5 e6 10. Bd2 Na5
11. Bb5+ Bd7 12. c4 Bxb5 13. cxb5 Bxa1 14. Qxa1 f6 15. Nxe6 Qb6 16. Qxf6 Qxe6 17. Qxe6+ Kd8 18. Qd6+ Kc8 19. Bf4 Rd8 20. Qc7#
1-0

[Event "Tyler's first tournament-join and enjoy the games!"]
[Site "SchemingMind.com"]
[Date "2005.05.01"]
[Round "-"]
[White "Claude"]
[Black "xixobrax"]
[Result "1-0"]
[WhiteCountry "ROU"]
[BlackCountry "USA"]
[WhiteElo "1785"]
[WhiteRD "92"]
[BlackElo "1321"]
[BlackRD "193"]
[GameID "14191"]

1. d4 f5 2. c4 e6 3. Nc3 Nf6 4. Bg5 Be7 5. Nf3 O-O 6. e3 d6 7. Bd3 Qe8 8. Qb3 Bd7 9. O-O b6 10. Rfe1 a6
11. e4 fxe4 12. Nxe4 Nxe4 13. Bxe4 Bxg5 14. Bxa8 c6 15. Nxg5 h6 16. Nf3 b5 17. cxb5 axb5 18. Bb7 Bc8 19. Bxc8 Qxc8 20. Qxe6+ Qxe6
21. Rxe6
1-0

[Event "Tyler's first tournament-join and enjoy the games!"]
[Site "SchemingMind.com"]
[Date "2005.05.03"]
[Round "-"]
[White "kemboiipoorfather"]
[Black "xixobrax"]
[Result "0-1"]
[WhiteCountry "ENG"]
[BlackCountry "USA"]
[WhiteElo "1135"]
[WhiteRD "114"]
[BlackElo "1313"]
[BlackRD "133"]
[GameID "14193"]

1. d4 f5 2. f4 g6 3. Nf3 Bg7 4. e3 Nf6 5. Ne5 O-O 6. Bc4+ d5 7. Bd3 Ng4 8. h3 Nxe5 9. fxe5 e6 10. Bd2 a5
11. b4 axb4 12. g4 Nc6 13. gxf5 b3 14. fxg6 hxg6 15. cxb3 Qh4+ 16. Ke2 Qf6 17. Rg1 Qf2#
0-1